Década de 1980 no Brasil - Statistics

Estatísticas Gerais
  • Esse quiz foi jogado 130 vezes
  • A pontuação média é 12 de 16
Estatísticas das Respostas
Hint Resposta % Correto
Qual civil foi eleito presidente, porém morreu antes de assumir o cargo? Tancredo Neves
94%
Desmembrado de Goiás em 1988 Tocantins
92%
Qual o nome do festival, realizado em 1985, que trouxe grandes bandas internacionais para o país pela primeira vez? Rock in Rio
88%
Quantas moedas o país teve entre 1980 e 1989? Três (Cruzeiro, Cruzado e Cruzado Novo)
88%
Quem era seu vice, que assumiu a presidência após sua morte? José Sarney
86%
Território tornou-se estado em 1988 Roraima
86%
Território tornou-se estado em 1981 Rondônia
84%
Qual banda lançou a música "Que País É Este", hino da indignação política da época? Legião Urbana
83%
Território tornou-se estado em 1988 Amapá
82%
Qual time teve um movimento ideológico a favor da Democracia, liderado por Sócrates, Wladimir, Casagrande e Zenon? Corinthians
77%
Qual emissora de televisão foi fechada em 1980, devido à falta de dinheiro para pagar salários de funcionários? TV Tupi
72%
Qual programa infantil, que ficou no ar entre 1986 e 1992, foi o maior sucesso da televisão brasileira? Xou da Xuxa
70%
Em qual novela Odete Roitman foi assassinada, gerando grande repercussão nacional sobre quem seria seu assassino? Vale Tudo
53%
Qual deputado, presidente da Assembleia Nacional Constituinte, promulgou a Constituição Federal de 1988? Ulysses Guimarães
52%
Qual novela, inspirada em uma peça teatral, tinha os personagens Sinhozinho Malta e Viúva Porcina? Roque Santeiro
48%
Qual banda famosa era composta por nove membros? Titãs
47%
Nenhum quiz correspondente encontrado
Distribuição das Pontuações
Porcentagem de Pessoas com Cada Pontuação
Percentil de Números Respondidos
Sua Pontuação Histórica
Você não jogou esse quiz